| 000 | 00351nam a2200145Ia 4500 | ||
|---|---|---|---|
| 005 | 20251222152015.0 | ||
| 008 | 251222s9999||||xx |||||||||||||| ||spa|| | ||
| 020 | _a9788408072799 | ||
| 082 | _a863.64/R93 | ||
| 100 | _aRuiz Zafón, Carlos | ||
| 245 | 0 | _aEl Palacio de la Medianoche | |
| 250 | _a1ra. ed. | ||
| 264 | _bPlaneta , S.A. | ||
| 942 | _cLIB | ||
| 999 |
_c25068 _d25068 |
||